Drapeaux par symboles - Statistiques

Statistiques générales
  • Ce quiz a été pris 449 fois
  • Le résultat moyen est 13 sur 15
Statistiques - réponses
Par images Réponse % Correct
Argentine
100%
Chine
99%
Inde
98%
Corée du Sud
97%
Brésil
95%
Kenya
94%
Irak
92%
Mexique
92%
Pakistan
91%
Uruguay
91%
Vatican
88%
Malte
82%
Philippines
81%
Malaisie
78%
Zimbabwe
56%
Aucun quiz correspondant
Distribution des résultats
% des personnes avec chaque résultat
Percentile par nombre de réponses
Votre historique - résultats
Vous n’avez pas pris ce quiz